Landkreise und Kreisfreie Städte in Sachsen - Statistiken

Allgemein
  • Dieses Quiz wurde 226 mal gespielt
  • Das Durchschnittsergebnis liegt bei 10 aus 13
Antwortstatistiken
Hint Antwort % Korrekt
Stadt Dresden
99%
Stadt Leipzig
98%
Landkreis Leipzig
98%
Stadt Chemnitz
96%
Landkreis Bautzen
86%
Landkreis Görlitz
85%
Landkreis Zwickau
85%
Landkreis Mittelsachsen
73%
Landkreis Nordsachsen
71%
Landkreis Meißen
67%
Landkreis Sächsische Schweiz-Osterzgebirge
62%
Landkreis Vogtlandkreis
55%
Landkreis Erzgebirgskreis
52%
Keine übereinstimmenden Quizze gefunden
Verteilung der Resultate
Anzahl Personen mit jedem Resultat
Perzentil nach korrekt beantworteten Fragen
Ihre Resultats-Entwicklung
Sie haben dieses Quiz noch nicht gespielt